<?xml version="1.0" encoding="UTF-8"?>
<collection xmlns="http://www.loc.gov/MARC21/slim">
  <record>
    <leader>00000nam  2200000   4500</leader>
    <controlfield tag="001">INLIS000000000020311</controlfield>
    <controlfield tag="005">20250611014551</controlfield>
    <datafield tag="035" ind1="#" ind2="#">
      <subfield code="a">0010-0625000053</subfield>
    </datafield>
    <controlfield tag="007">ta</controlfield>
    <controlfield tag="008">250611################|##########|#|##</controlfield>
    <datafield tag="084" ind1="#" ind2="#">
      <subfield code="a">R 0024 PKN I 2024</subfield>
    </datafield>
    <datafield tag="100" ind1=" " ind2="#">
      <subfield code="a">Fujiartanto</subfield>
    </datafield>
    <datafield tag="245" ind1="1" ind2="#">
      <subfield code="a">Kebijakan Pemberdayaan Masyarakat Melalui Penguatan Kompetensi Teknis Vokasi Dalam Mewujudkan Kemandirian Desa /</subfield>
      <subfield code="c">Fujiartanto</subfield>
    </datafield>
    <datafield tag="260" ind1="#" ind2="#">
      <subfield code="a">Jakarta :</subfield>
      <subfield code="b">Pusbangkom Pimnas dan Manajerial ASN,</subfield>
      <subfield code="c">2024</subfield>
    </datafield>
    <datafield tag="300" ind1="#" ind2="#">
      <subfield code="a">182 hlm. ;</subfield>
      <subfield code="c">30 cm</subfield>
    </datafield>
    <datafield tag="650" ind1="#" ind2="4">
      <subfield code="a">Kompetensi Teknis Vokasi</subfield>
    </datafield>
    <datafield tag="520" ind1="#" ind2="#">
      <subfield code="a">Dalam mendukung upaya penguatan kapasitas SDM desa, mengentaskan kemiskinan di desa, dan menyejahterahkan masyarakat desa, perlu ada program pelatihan teknis sesuai dengan potensi dan kebutuhan masyarakat. Namun demikian, pelatihan teknis tersebut hingga saat ini belum dilakukan dengan optimal. Hal itu disebabkan terutama belum adanya regulasi yang mengatur adanya pelatihan kompetensi teknis bagi masyarakat desa. Sedangkan regulasi pada Permendesa No.9 Tahun 2016 hanya sebatas pada pelatihan penguatan kemampuan keterampilan bidang administrasi bagi pengelola BUMDesa dan Desa Wisata, bidang pengorganisasian masyarakat bafi Kader Pemberdayaan Masyarakat Desa (KPMD).</subfield>
    </datafield>
    <datafield tag="990" ind1="#" ind2="#">
      <subfield code="a">2024/1.2.1/A/0024</subfield>
    </datafield>
  </record>
</collection>
